000 01307nam0a2200325 4500
001 RU\NLR\bibl\385643
005 20250622155027.0
010 _a5-94599-065-5
_93000
021 _aRU
_b2003-10704
_9492
035 _a(NLR Aleph) 000380011
090 _a449621
_c449621
100 _a20030404d2003 |||y0rusy50 ca
101 1 _arus
_cger
102 _aRU
105 _aa |||||||||
200 1 _aМотивация в стиле ЭКШН
_eВосторг заразителен
_fКлаус Кобьёлл
_g[Пер. с нем. В. Рабковой]
210 _aМ.
_cАльпина Паблишер
_d2003
215 _a189 с.
_cил.
_d21
225 1 _aКоротко и по делу
300 _aЗагл. и авт. ориг.: Begeisterung ist übertragbar MotivaCtion/ Klaus Kobjoll
454 0 _12001#$aBegeisterung ist übertragbar MotivaCtion$fKlaus Kobjoll
_tBegeisterung ist übertragbar MotivaCtion
606 0 _aМенеджеры
_xТруд
_xМотивация
_92120424
_3RU\NLR\auth\661280480
686 _aУ24(0)920.12
686 _aС550.373
700 1 _aКобьёлл
_bК.
_f1948-
_gКлаус
_4070
801 0 _aRU
_bNLR
_c20030404
_gPSBO
801 1 _aRU
_bNLR
_c20030404
942 _cBOOK
980 _aNB